• 首页
  • 本馆介绍
  • 公告通知
  • 最新文献
  • 馆藏检索
  • 电子资源
  • 读者导购
  • 参考咨询
  • 我的图书馆
  • 登录
  • 详细信息显示
  • 放入我的书架
  • 预约/预借图书
  • 作者相关作品
  • 分类相关作品
  • 丛书相关作品
  • 出版社相关作品

书目信息

  • 表格格式
  • 工作单格式
  • 卡片格式
题名:
油画创作与色彩搭配
    
 
作者: 刘大明 著
分册:  
出版信息: 长春   吉林美术出版社  2019
页数: 218页
开本: 21cm
丛书名:
单 册:
中图分类: J213.04
科图分类:
主题词: 油画--you hua--绘画创作--研究 , 油画技法--you hua ji fa--色彩学--研究
电子资源:
ISBN: 978-7-5575-3900-9
000 01048nam0 2200265 450
001 012001006632
005 20140101112029.0
010    @a978-7-5575-3900-9@dCNY35.00
099    @aCAL 012019030174
100    @a20190308d2019 em y0chiy50 ea
101 0  @achi
102    @aCN@b220000
105    @ay a 000yy
106    @ar
200 1  @a油画创作与色彩搭配@Ayou hua chuang zuo yu se cai da pei@f刘大明著
210    @a长春@c吉林美术出版社@d2019
215    @a218页@d21cm
320    @a有书目 (第217-218页)
330    @a本书主要介绍了色彩搭配在油画创作中的表达作用, 对中国油画创作的发展历程与现状, 油画创作色彩搭配的理论与实践, 油画创作中的色彩搭配表达进行了深入的分析与探讨, 着重对主观色彩在油画创作中的应用、油画创作色彩搭配的平面化表现、表现性油画创作中的色彩表达和静物油画中的色彩搭配展开了系统的研究。
606 0  @a油画@Ayou hua@x绘画创作@x研究
606 0  @a油画技法@Ayou hua ji fa@x色彩学@x研究
690    @aJ213.04@v5
701  0 @a刘大明@Aliu da ming@4著
801  0 @aCN@b上海新华@c20191020
905    @b1131970-3@dJ213.04@e1064@f4
    
    油画创作与色彩搭配/刘大明著.-长春:吉林美术出版社,2019
    218页;21cm
    
    
    ISBN 978-7-5575-3900-9:CNY35.00
    本书主要介绍了色彩搭配在油画创作中的表达作用, 对中国油画创作的发展历程与现状, 油画创作色彩搭配的理论与实践, 油画创作中的色彩搭配表达进行了深入的分析与探讨, 着重对主观色彩在油画创作中的应用、油画创作色彩搭配的平面化表现、表现性油画创作中的色彩表达和静物油画中的色彩搭配展开了系统的研究。
●
相关链接 在E读中查询图书 在五车中查询图书 在当当中查询图书 在豆瓣中查询图书


正题名:油画创作与色彩搭配     索取号:J213.04/1064         预约/预借

序号 登录号 条形码 馆藏地/架位号 状态 备注
1 1131970   211319704   第一样本阅览室/ [索取号:J213.04/1064] 在馆    
2 1131971   211319713   第一借阅区/ [索取号:J213.04/1064] 在馆    
3 1131972   211319722   第一借阅区/ [索取号:J213.04/1064] 在馆    
4 1131973   211319731   第一借阅区/ [索取号:J213.04/1064] 在馆    
唐山师范学院图书馆 欢迎您!
大连网信软件有限公司© 版权所有